Southville International School and Colleges
Your cart is empty.
  • Cart
  • Lists
    Public lists Eva Luna New books Lux_list list_1
    Your lists Log in to create your own lists
  • Log in to your account
  • Your cookies
  • Search history
Southville International School and Colleges
  • Advanced search
  • Recent comments
  • Most popular
  • Libraries

Log in to your account

Log in with GOOGLE


If you do not have an external account, but do have a local account, you can still log in:

  1. Home
  2. MARC view: El Comedor meals and memories :
Normal view MARC view ISBD view

El Comedor meals and memories : (Record no. 340404)

[ view plain ]
MARC details
000 -LEADER
fixed length control field 00649nam a2200253Ia 4500
008 - FIXED-LENGTH DATA ELEMENTS--GENERAL INFORMATION
fixed length control field 170712s9999 xx 000 0 und d
020 ## - INTERNATIONAL STANDARD BOOK NUMBER
International Standard Book Number 9712714381
050 ## - LIBRARY OF CONGRESS CALL NUMBER
Classification number 641.5
050 ## - LIBRARY OF CONGRESS CALL NUMBER
Item number L864 2004
100 ## - MAIN ENTRY--PERSONAL NAME
Personal name Lopez, Marilen
245 ## - TITLE STATEMENT
Title El Comedor meals and memories :
245 ## - TITLE STATEMENT
Remainder of title featuring the recipes of Lourdes P. del Rosario /
245 ## - TITLE STATEMENT
Statement of responsibility, etc by Marilen Lopez and Tina Lopez.
260 ## - PUBLICATION, DISTRIBUTION, ETC. (IMPRINT)
Place of publication, distribution, etc Philippines :
260 ## - PUBLICATION, DISTRIBUTION, ETC. (IMPRINT)
Name of publisher, distributor, etc Anvil,
260 ## - PUBLICATION, DISTRIBUTION, ETC. (IMPRINT)
Date of publication, distribution, etc 2004
300 ## - PHYSICAL DESCRIPTION
Extent 162 pages :
300 ## - PHYSICAL DESCRIPTION
Other physical details illustrations ;
300 ## - PHYSICAL DESCRIPTION
Dimensions 22cm.
650 ## - SUBJECT ADDED ENTRY--TOPICAL TERM
Topical term or geographic name as entry element Cookery.
650 ## - SUBJECT ADDED ENTRY--TOPICAL TERM
Topical term or geographic name as entry element Cooking, Philippine.
650 ## - SUBJECT ADDED ENTRY--TOPICAL TERM
Topical term or geographic name as entry element Lopez, Tina.
650 ## - SUBJECT ADDED ENTRY--TOPICAL TERM
General subdivision Title.

No items available.

El Comedor meals and memories :

APA

Lopez M., .El Comedor meals and memories. Philippines: .

Chicago

Lopez Marilen, .El Comedor meals and memories. Philippines: .

Harvard

Lopez M., .El Comedor meals and memories. Philippines: .

MLA

Lopez Marilen, .Philippines: . .

  • Print
  • Cite
  • Add to your cart (remove)
  • Save record
    BIBTEX Dublin Core MARCXML MARC (non-Unicode/MARC-8) MARC (Unicode/UTF-8) MARC (Unicode/UTF-8, Standard) MODS (XML) RIS
  • More searches
    Search for this title in:
    Other Libraries (WorldCat) Other Databases (Google Scholar) Online Stores (Bookfinder.com) Open Library (openlibrary.org)

Exporting to Dublin Core...

SOUTHVILLE LIBRARY

Southville International School and Colleges Library

1281 Tropical Ave. Cor. Luxembourg St., BF Homes International, Las Pinas City

Tel. No. 8256374 / 252358 Loc. 117/146

Powered by Koha